00643nam a22002057a 450000500170000001000150001702000260003203500140005803700140007208200060008610000150009224500270010725000060013426000450014027000430018530000210022894200200024999900190026995201490028820260514121706.0 aENG-148458 c499.00a9789357318211 aEN-131990 bDBADadpl aN aRay, Arnab00aShakchunni/cArnab Ray a1 aGurgaonbHachette Book Publishing c2024 aPlot No.94, Sector 44bGurgaone122003 a316p. c21cm(pb) 2ddccENmRAYhN c216190d216190 001040708FICaTNbTNd2026-05-14eDelivery of Books Act Divisiong499.00l0oRAY NpEN-131990r2026-05-14 12:17:29t1v499.00w2026-05-14yEN